[Event "13th EICC"]
[Site "Plovdiv BUL"]
[Date "2012.03.22"]
[Round "3.146"]
[White "Ojagverdiyev, Zaur"]
[Black "Neubauer, Martin"]
[Result "0-1"]
[BlackTitle "IM"]
[WhiteElo "2050"]
[BlackElo "2413"]
[WhiteFideId "13402846"]
[BlackFideId "1602675"]
[EventDate "2012.03.20"]
[EventType "swiss"]

1. e4 e6 2. d4 d5 3. Nc3 Nf6 4. e5 Nfd7 5. f4 c5 6. Nf3 Nc6 7. Be3 Be7 8. Qd2
O-O 9. dxc5 Bxc5 10. Bxc5 Nxc5 11. Nd4 f6 12. Nxc6 bxc6 13. Qd4 Nd7 14. exf6
Qxf6 15. Qxf6 gxf6 16. g3 e5 17. Bg2 Rb8 18. O-O-O Nc5 19. Rhe1 e4 20. Rd2 f5
21. Ne2 Bd7 22. Nd4 Nb7 23. Nb3 Be6 24. Bf1 c5 25. Ba6 Rfc8 26. g4 d4 27. gxf5
Bxf5 28. Rg2+ Kh8 29. Rg5 Rf8 30. Bxb7 Rxb7 31. Nxc5 Rc7 32. b4 a5 33. a3 axb4
34. axb4 Rcf7 35. Kb2 Bg6 36. Ne6 Rb8 37. b5 d3 38. cxd3 exd3 39. Kc3 Rd7 40. f5
d2 41. Rd1 Rc8+ 42. Kb2 Bf7 43. Rg2 Rd5 44. Rgxd2 Rxb5+ 45. Ka1 Ra8+ 46. Ra2
Rxa2+ 47. Kxa2 Rxf5 48. Rd8+ Bg8 49. Ka3 Rh5 50. Nd4 Kg7 51. h4 Bf7 52. Nf3 Rf5
53. Ng5 Bg6 54. Rd4 Re5 55. Kb2 Kh6 56. Kc1 Kh5 57. Kd2 Bf5 58. Nf3 Re7 59. Rd5
Kg4 60. Nh2+ Kf4 61. Nf1 Ra7 62. h5 Ra2+ 63. Ke1 Bg4 64. Nd2 Kg3 65. Ne4+ Kf4
66. Nf6 Bf3 67. Rd7 h6 68. Rf7 Ke3 69. Re7+ Kf4 70. Rf7 Kg5 71. Nh7+ Kg4 72.
Nf6+ Kh4 73. Rh7 Kg5 74. Rf7 Ba8 75. Ng8 Ra6 76. Rh7 Be4 77. Rxh6 Ra8 78. Rh8
Kf4 79. Kd2 Rc8 80. h6 Rc2+ 81. Kd1 Rc8 82. Kd2 Bf5 83. h7 Be4 84. Ke2 Rd8 85.
Ke1 0-1

[Event "13th EICC"]
[Site "Plovdiv BUL"]
[Date "2012.03.22"]
[Round "3.147"]
[White "Froewis, Georg"]
[Black "Mihopoulos, Konstantinos"]
[Result "1-0"]
[WhiteTitle "IM"]
[WhiteElo "2407"]
[BlackElo "1951"]
[WhiteFideId "1618423"]
[BlackFideId "4217110"]
[EventDate "2012.03.20"]
[EventType "swiss"]

1. c4 d6 2. g3 c5 3. Bg2 e5 4. Nc3 g6 5. e3 Nc6 6. Nge2 Bg7 7. d3 Nge7 8. O-O
O-O 9. Bd2 Rb8 10. Nd5 b5 11. cxb5 Rxb5 12. Bc3 Be6 13. Qa4 Qb8 14. Nc7 Rb6 15.
Nxe6 fxe6 16. Qc4 d5 17. Qxc5 Rb5 18. Qa3 d4 19. exd4 exd4 20. Be1 Rxb2 21. Nf4
Rxf4 22. gxf4 Nd5 23. Bxd5 exd5 24. Qc5 Qxf4 25. Qxd5+ Kh8 26. Qxc6 Rb5 27. Bd2 1-0

[Event "13th EICC"]
[Site "Plovdiv BUL"]
[Date "2012.03.22"]
[Round "3.148"]
[White "Petrov, Vladimir Sergeev"]
[Black "Firat, Burak"]
[Result "0-1"]
[BlackTitle "IM"]
[WhiteElo "1980"]
[BlackElo "2405"]
[WhiteFideId "2902940"]
[BlackFideId "6305881"]
[EventDate "2012.03.20"]
[EventType "swiss"]

1. e4 c5 2. Nf3 e6 3. d4 cxd4 4. Nxd4 Nf6 5. Nc3 d6 6. Be2 Be7 7. O-O O-O 8. Be3
Nc6 9. f4 Bd7 10. Kh1 a6 11. Qe1 b5 12. a3 Qb8 13. Qg3 b4 14. axb4 Qxb4 15. Nb3
Nxe4 16. Nxe4 Qxe4 17. Bd3 Qd5 18. Qh3 f5 19. Rfd1 Nb4 20. Bxa6 Qc6 21. Nd4 Qe4
22. Bf1 Nxc2 23. Nxc2 Qxc2 24. Bd4 Qe4 25. Qg3 g6 26. Bc3 Rxa1 27. Rxa1 Bf6 28.
Bxf6 Rxf6 29. Qh4 Kg7 30. Ra7 Rf7 31. Ra1 Qd4 32. Ra8 Bc6 33. Rb8 Qa7 34. Qd8
Qf2 35. Qg8+ Kh6 0-1

[Event "13th EICC"]
[Site "Plovdiv BUL"]
[Date "2012.03.22"]
[Round "3.150"]
[White "Ilic, Slobodan S"]
[Black "Kabanov, Nikolai"]
[Result "0-1"]
[BlackTitle "GM"]
[WhiteElo "2160"]
[BlackElo "2502"]
[WhiteFideId "912883"]
[BlackFideId "4127820"]
[EventDate "2012.03.20"]
[EventType "swiss"]

1. c4 g6 2. Nc3 Bg7 3. g3 d6 4. Bg2 e5 5. Nf3 f5 6. d3 Nf6 7. O-O O-O 8. Bg5 h6
9. Bxf6 Qxf6 10. Rb1 c6 11. Nd2 a5 12. Qc2 Nd7 13. a3 Nc5 14. Na4 Nxa4 15. Qxa4
Ra6 16. Qc2 a4 17. b4 axb3 18. Rxb3 g5 19. Qa2 Kh8 20. a4 g4 21. a5 Qd8 22. Ra3
Be6 23. Rb1 Rf7 24. Ra4 h5 25. Qa3 Rd7 26. Nf1 h4 27. c5 h3 28. Bh1 dxc5 29.
Qxc5 b5 30. Ra3 Bd5 31. Bxd5 Bf8 32. Qe3 Rxd5 33. Raa1 Qf6 34. Qc1 b4 35. Ne3
Rdxa5 36. Nc4 Rxa1 37. Rxa1 Rxa1 38. Qxa1 Bg7 39. e3 Qd8 40. Qd1 e4 41. d4 Qd5
42. Qc2 c5 43. dxc5 Qxc5 44. Qa2 Qd5 45. Qc2 Qd3 46. Na3 bxa3 47. Qc8+ Kh7 48.
Qxf5+ Kg8 0-1

[Event "13th EICC"]
[Site "Plovdiv BUL"]
[Date "2012.03.22"]
[Round "3.151"]
[White "Pogosian, Vladimir"]
[Black "Perunovic, Miodrag"]
[Result "0-1"]
[BlackTitle "IM"]
[WhiteElo "2153"]
[BlackElo "2481"]
[WhiteFideId "13301586"]
[BlackFideId "919993"]
[EventDate "2012.03.20"]
[EventType "swiss"]

1. f4 d5 2. Nf3 Bg4 3. Ne5 Bf5 4. c4 f6 5. Nf3 d4 6. Qb3 Nc6 7. Qxb7 Bd7 8. Qb3
e5 9. d3 Rb8 10. Qd1 Bb4+ 11. Kf2 a5 12. a3 Bc5 13. Nbd2 Nh6 14. Ne4 Ba7 15.
fxe5 Ng4+ 16. Kg1 Ncxe5 17. Nxe5 Nxe5 18. Nf2 O-O 19. b4 f5 20. g3 Qe7 21. Bg2
Rbe8 22. Bf4 g5 23. Bxe5 Qxe5 24. Ra2 Re7 25. Qd2 Qg7 26. h3 Re3 27. Bf3 Qe5 28.
Kf1 g4 29. Bd5+ Kh8 30. Nd1 c6 31. Bg2 f4 32. hxg4 Bxg4 33. Ke1 f3 34. Bxf3
Qxg3+ 35. Kf1 Bxf3 36. exf3 Qxf3+ 0-1

[Event "13th EICC"]
[Site "Plovdiv BUL"]
[Date "2012.03.22"]
[Round "3.153"]
[White "Georgiadis, Ioannis"]
[Black "Andok, Claus Michael"]
[Result "1-0"]
[WhiteTitle "IM"]
[WhiteElo "2435"]
[BlackElo "2116"]
[WhiteFideId "4208900"]
[BlackFideId "24602000"]
[EventDate "2012.03.20"]
[EventType "swiss"]

1. e4 c6 2. d4 d5 3. e5 Bf5 4. Be3 e6 5. Nd2 c5 6. dxc5 d4 7. Bf4 Bxc5 8. Ngf3
Nc6 9. Bd3 Nge7 10. O-O Bxd3 11. cxd3 Ng6 12. Bg3 Be7 13. Qe2 Qd5 14. h4 h5 15.
a3 a5 16. Rfc1 Ra6 17. Rc2 Ra8 18. Rac1 O-O 19. Ne4 Rfe8 20. Nfg5 Bxg5 21. Nxg5
Ngxe5 22. Rc5 1-0

[Event "13th EICC"]
[Site "Plovdiv BUL"]
[Date "2012.03.22"]
[Round "3.154"]
[White "Blaushtain, Boris"]
[Black "Galopoulos, Nikolaos"]
[Result "1-0"]
[WhiteElo "2105"]
[BlackElo "2430"]
[WhiteFideId "2804638"]
[BlackFideId "4208951"]
[EventDate "2012.03.20"]
[EventType "swiss"]

1. c4 Nf6 2. Nc3 e6 3. a3 d5 4. d4 c6 5. e3 Nbd7 6. Nf3 Bd6 7. Bd3 dxc4 8. Bxc4
b5 9. Bd3 O-O 10. Ne4 Nxe4 11. Bxe4 Bb7 12. O-O a6 13. b4 a5 14. Bd2 Qe7 15. Qb3
axb4 16. axb4 Nf6 17. Bc2 Nd7 18. Rfc1 e5 19. dxe5 Nxe5 20. Rxa8 Nxf3+ 21. gxf3
Bxh2+ 22. Kxh2 Qd6+ 23. Kg2 1-0

[Event "13th EICC"]
[Site "Plovdiv BUL"]
[Date "2012.03.22"]
[Round "3.155"]
[White "Rigopoulos-Tsigkos, Alexandros"]
[Black "Dragomirescu, Robin-Alexandru"]
[Result "0-1"]
[BlackTitle "IM"]
[WhiteElo "2095"]
[BlackElo "2358"]
[WhiteFideId "4215109"]
[BlackFideId "1213849"]
[EventDate "2012.03.20"]
[EventType "swiss"]

1. e4 e5 2. Nf3 Nc6 3. Bc4 Bc5 4. d3 Nf6 5. c3 a6 6. b4 Ba7 7. Bg5 d6 8. Nbd2 h6
9. Bh4 Be6 10. O-O g5 11. Bg3 Qe7 12. a4 O-O 13. Re1 Rad8 14. Qe2 Nh5 15. b5 Na5
16. Bxe6 fxe6 17. d4 Nxg3 18. hxg3 Qf6 19. Ra2 g4 20. Nh2 h5 21. Nxg4 hxg4 22.
Qxg4+ Kf7 23. Re3 Ke7 24. Rf3 Qh6 25. d5 Rg8 26. Qh4+ Qxh4 27. gxh4 Rg4 28. g3
exd5 29. Kg2 dxe4 30. Rf5 e3 0-1

[Event "13th EICC"]
[Site "Plovdiv BUL"]
[Date "2012.03.22"]
[Round "3.156"]
[White "Schiendorfer, Emanuel"]
[Black "Ljangov, Petar"]
[Result "1-0"]
[WhiteTitle "FM"]
[WhiteElo "2349"]
[BlackElo "2089"]
[WhiteFideId "1309889"]
[BlackFideId "2901277"]
[EventDate "2012.03.20"]
[EventType "swiss"]

1. d4 Nf6 2. c4 e6 3. Nf3 Bb4+ 4. Nbd2 O-O 5. a3 Be7 6. e4 d6 7. Be2 Nbd7 8. b4
e5 9. Bb2 exd4 10. Nxd4 Re8 11. O-O Bf8 12. Qc2 c6 13. Rad1 Qc7 14. Rfe1 a6 15.
Bf1 c5 16. Nf5 g6 17. Ne3 Bg7 18. g3 b6 19. Bg2 Bb7 20. f3 Rad8 21. Nb1 Nf8 22.
bxc5 bxc5 23. Qd2 Ne6 24. Bc3 Qb8 25. Ba5 Rd7 26. Nc3 Nd4 27. Rb1 Nc6 28. Bb6
Qa8 29. Ncd5 Nxd5 30. cxd5 Nd4 31. Nc4 Qb8 32. Ba5 Rde7 33. Rb6 Rd7 34. Reb1 Qa8
35. Nxd6 Rxd6 36. Rxd6 Nb5 37. Rb6 c4 38. Kh1 c3 39. Qd3 c2 40. Qxc2 Nxa3 41.
Qc7 Rc8 42. Rxb7 Rxc7 43. Bxc7 Nxb1 44. Rxb1 Qa7 45. Rb8+ Bf8 46. Bd6 Qf2 47. h3
f6 48. Rxf8+ Kg7 49. Rb8 a5 50. Rb7+ Kg8 51. Kh2 Qe2 52. Bc7 Qa6 53. Rb6 Qc4 54.
d6 Qd4 55. Rb5 Qa7 56. Rxa5 Qb7 57. Rd5 1-0

[Event "13th EICC"]
[Site "Plovdiv BUL"]
[Date "2012.03.22"]
[Round "3.157"]
[White "Panteleev, Petar"]
[Black "Balokas, Dimitrios"]
[Result "1-0"]
[WhiteElo "2347"]
[BlackElo "2080"]
[WhiteFideId "2903610"]
[BlackFideId "4216920"]
[EventDate "2012.03.20"]
[EventType "swiss"]

1. Nf3 Nf6 2. c4 c5 3. g3 d5 4. Bg2 Nc6 5. cxd5 Nxd5 6. d4 Nc7 7. Be3 g6 8. Nc3
Bg7 9. dxc5 O-O 10. O-O Ne6 11. Qxd8 Rxd8 12. Rfd1 Bd7 13. Rd2 Be8 14. Rc1 Rac8
15. Nd5 Kf8 16. b3 Nb8 17. Nf4 Nxf4 18. gxf4 Rxd2 19. Nxd2 Bc6 20. Nf3 Na6 21.
Ne5 Bxg2 22. Kxg2 Nb4 23. Bd2 Bxe5 24. fxe5 Nc6 25. f4 Rd8 26. Be3 Ke8 27. Kf2
a6 28. Ke1 Kd7 29. Bd2 Nd4 30. Rc4 Kc6 31. Be3 Ne6 32. Rb4 Rd5 33. Rb6+ Kc7 34.
c6 Rb5 35. Rxb7+ Rxb7 36. cxb7 Kxb7 37. Kd2 Kc6 38. Kd3 Ng7 39. Kc4 Nf5 40. Bf2
h5 41. b4 f6 42. e4 Nh6 43. exf6 exf6 44. Bd4 g5 45. f5 1-0

[Event "13th EICC"]
[Site "Plovdiv BUL"]
[Date "2012.03.22"]
[Round "3.160"]
[White "Schneider, Veronika"]
[Black "Manelidou, Maria"]
[Result "1-0"]
[WhiteTitle "WGM"]
[WhiteElo "2312"]
[BlackElo "2067"]
[WhiteFideId "721530"]
[BlackFideId "4212240"]
[EventDate "2012.03.20"]
[EventType "swiss"]

1. e4 e5 2. Nf3 Nc6 3. d4 exd4 4. Nxd4 Bc5 5. Be3 Qf6 6. c3 Nge7 7. Qd2 Bxd4 8.
cxd4 d5 9. Nc3 dxe4 10. d5 Ne5 11. Bg5 Qf5 12. Bxe7 Kxe7 13. Nb5 Kd8 14. Qc3 c6
15. dxc6 Nxc6 16. Rd1+ Ke7 17. Nc7 Be6 18. Nxe6 Qxe6 19. Bc4 Qg4 20. Qa3+ Ke8
21. O-O Rd8 22. f3 Qh5 23. Rxd8+ Nxd8 24. fxe4 a6 25. Bd5 Qe5 26. Qb4 Qe7 27.
Qc4 f6 28. Rd1 b5 29. Qc8 Qa7+ 30. Kh1 Ke7 31. Bc6 Nxc6 32. Qxh8 Kf7 33. Qxh7
Ne7 34. Qh5+ g6 35. Qh7+ Ke6 36. Qh3+ f5 37. Qb3+ Ke5 38. Qc3+ Kxe4 39. Re1+ Kf4
40. Qg3# 1-0

[Event "13th EICC"]
[Site "Plovdiv BUL"]
[Date "2012.03.22"]
[Round "3.161"]
[White "Malikentzos, Sotirios"]
[Black "Todorov, Yavor"]
[Result "1-0"]
[WhiteTitle "FM"]
[WhiteElo "2307"]
[BlackElo "2029"]
[WhiteFideId "4215079"]
[BlackFideId "2911540"]
[EventDate "2012.03.20"]
[EventType "swiss"]

1. d4 Nf6 2. c4 g6 3. Nc3 d5 4. cxd5 Nxd5 5. Nf3 Bg7 6. g3 Nb6 7. Bg2 O-O 8. O-O
Nc6 9. e3 Re8 10. Re1 e5 11. d5 Na5 12. e4 c6 13. b3 cxd5 14. exd5 Bg4 15. Ba3
e4 16. Nxe4 Nxd5 17. Rc1 Nc6 18. Nd6 Rxe1+ 19. Qxe1 Qf6 20. Ne8 Qe6 21. Nxg7
Kxg7 22. Bb2+ f6 23. Qd2 Rd8 24. Nd4 Nxd4 25. Qxd4 Rd7 26. Qxa7 b6 27. Qb8 Qe2
28. Ba3 Ne7 29. h3 Bf3 30. Qe8 Ra7 31. Bxf3 Qd2 32. Rc8 Qe1+ 33. Kg2 1-0

[Event "13th EICC"]
[Site "Plovdiv BUL"]
[Date "2012.03.22"]
[Round "3.162"]
[White "Lederman, Leon"]
[Black "Levine, Yonatan"]
[Result "1-0"]
[WhiteTitle "IM"]
[WhiteElo "2296"]
[BlackElo "2016"]
[WhiteFideId "2800403"]
[BlackFideId "2802082"]
[EventDate "2012.03.20"]
[EventType "swiss"]

1. e4 e6 2. d4 d5 3. Nc3 Bb4 4. e5 c5 5. a3 Bxc3+ 6. bxc3 Ne7 7. a4 Qc7 8. Nf3
h6 9. Bd3 b6 10. O-O Ba6 11. a5 Nec6 12. Bxa6 Nxa6 13. Qe2 Qc8 14. axb6 axb6 15.
Qb5 O-O 16. Qxb6 Rd8 17. dxc5 Rd7 18. Qb5 Rda7 19. Be3 Nc7 20. Qb2 Rxa1 21. Rxa1
Rxa1+ 22. Qxa1 Qb7 23. h4 Nb5 24. Qb2 Qa6 25. Nd4 Nbxd4 26. cxd4 Qa8 27. c3 Qb8
28. Qb6 Qa8 29. Qb5 Kf8 30. h5 Ne7 31. Kh2 Qc6 32. Qb8+ Qc8 33. Qd6 Ke8 34. Qb6
Qc6 35. Qb1 Qa6 36. g4 Kd7 37. Qh7 g6 38. Qxf7 Qe2 39. c6+ 1-0

[Event "13th EICC"]
[Site "Plovdiv BUL"]
[Date "2012.03.22"]
[Round "3.164"]
[White "Boehnisch, Manfred"]
[Black "Slavov, Hristo"]
[Result "1-0"]
[WhiteTitle "FM"]
[WhiteElo "2291"]
[BlackElo "1812"]
[WhiteFideId "4611543"]
[BlackFideId "2911345"]
[EventDate "2012.03.20"]
[EventType "swiss"]

1. e4 Nf6 2. e5 Nd5 3. d4 d6 4. c4 Nb6 5. exd6 cxd6 6. Nc3 Nc6 7. Be3 g6 8. Rc1
Bg7 9. b3 O-O 10. Be2 f5 11. d5 f4 12. Bxb6 Qxb6 13. dxc6 e5 14. Nd5 Qa5+ 15. b4
Qxa2 16. Ne7+ Kh8 17. Nxc8 Raxc8 18. cxb7 Rb8 19. Bf3 Rfe8 20. Bc6 e4 21. Qd2
Qa3 22. Bxe8 e3 23. fxe3 fxe3 24. Qc2 Qxb4+ 25. Ke2 Rxe8 26. Rb1 1-0

[Event "13th EICC"]
[Site "Plovdiv BUL"]
[Date "2012.03.22"]
[Round "3.165"]
[White "Sanal, Vahap"]
[Black "Vdovenko, Volodymyr"]
[Result "1-0"]
[WhiteTitle "CM"]
[WhiteElo "2286"]
[BlackElo "1784"]
[WhiteFideId "6300545"]
[BlackFideId "14110938"]
[EventDate "2012.03.20"]
[EventType "swiss"]

1. e4 d5 2. exd5 Nf6 3. Nf3 Nxd5 4. d4 Bg4 5. Be2 e6 6. O-O Be7 7. c4 Nb6 8. Qb3
Nc6 9. Be3 O-O 10. c5 Nd5 11. Nbd2 b6 12. Qa4 Nb8 13. c6 a5 14. a3 Na6 15. Bb5
Bd6 16. Qc4 Nb8 17. Bg5 f6 18. Bh4 Kh8 19. Rfe1 Nf4 20. Bg3 Qc8 21. b3 h6 22.
Re4 Bxf3 23. Nxf3 g5 24. Bxf4 Bxf4 25. Rxe6 Na6 26. g3 Bd6 27. h4 g4 28. Nh2 h5
29. Qd5 Kg7 30. Rae1 Rh8 31. Rxf6 Kxf6 32. Qg5+ Kf7 33. Bc4+ Kf8 34. Qf6# 1-0

[Event "13th EICC"]
[Site "Plovdiv BUL"]
[Date "2012.03.22"]
[Round "3.166"]
[White "Porfireanu, Serban"]
[Black "Chudinovskikh, Alexander M"]
[Result "0-1"]
[BlackTitle "IM"]
[WhiteElo "1892"]
[BlackElo "2278"]
[WhiteFideId "1208632"]
[BlackFideId "4106083"]
[EventDate "2012.03.20"]
[EventType "swiss"]

1. Nf3 Nf6 2. g3 d5 3. d4 Bf5 4. Bg2 e6 5. O-O Be7 6. c4 O-O 7. cxd5 exd5 8. Nc3
c6 9. Bg5 Nbd7 10. Re1 Re8 11. Qb3 Qb6 12. Qxb6 axb6 13. a3 b5 14. Nh4 Be6 15.
Rad1 Nb6 16. Bc1 b4 17. axb4 Bxb4 18. Rf1 Nc4 19. Rd3 h6 20. b3 Nd6 21. Na4 g5
22. Nf3 Bf5 23. Re3 Be4 24. Ne5 Nf5 25. Rxe4 dxe4 26. Bb2 b5 27. Nxc6 bxa4 28.
Nxb4 Rab8 29. d5 Rxb4 30. Bxf6 axb3 31. Rb1 Kh7 32. Bb2 Reb8 33. e3 R8b5 34. d6
Nxd6 35. Ba3 b2 36. Bf1 Rb6 37. Bxb4 Rxb4 38. f3 exf3 39. Bd3+ f5 40. h3 h5 41.
Bc2 Kh6 42. Rd1 Ne4 43. Bb1 Rc4 44. Bd3 Rc1 45. Rf1 Nd2 0-1

[Event "13th EICC"]
[Site "Plovdiv BUL"]
[Date "2012.03.22"]
[Round "3.168"]
[White "Katsarov, Hristo"]
[Black "Pantic, Ivica"]
[Result "0-1"]
[WhiteElo "1495"]
[BlackElo "2242"]
[WhiteFideId "2913003"]
[BlackFideId "929395"]
[EventDate "2012.03.20"]
[EventType "swiss"]

1. e4 d6 2. Nf3 Nf6 3. Nc3 e5 4. Bc4 Be7 5. d4 Nbd7 6. O-O O-O 7. Re1 c6 8. Bg5
b5 9. Bb3 h6 10. Bh4 Bb7 11. d5 b4 12. dxc6 Bxc6 13. Nd5 Bxd5 14. Bxd5 Nxd5 15.
Qxd5 Bxh4 16. Qxd6 Be7 17. Qd5 Qc7 18. Rad1 Rfd8 19. Re2 Nb6 0-1

[Event "13th EICC"]
[Site "Plovdiv BUL"]
[Date "2012.03.23"]
[Round "4.3"]
[White "Vachier-Lagrave, Maxime"]
[Black "Kulaots, Kaido"]
[Result "1/2-1/2"]
[WhiteTitle "GM"]
[BlackTitle "GM"]
[WhiteElo "2682"]
[BlackElo "2585"]
[WhiteFideId "623539"]
[BlackFideId "4500261"]
[EventDate "2012.03.20"]
[EventType "swiss"]

1. d4 Nf6 2. c4 e6 3. Nc3 Bb4 4. e3 O-O 5. Bd3 d5 6. Ne2 dxc4 7. Bxc4 c5 8. a3
Bxc3+ 9. bxc3 Bd7 10. O-O Qa5 11. Rb1 Ba4 12. Bb3 Bxb3 13. Qxb3 Nbd7 14. a4 Rfc8
15. Ba3 b6 16. Rfd1 Qa6 17. Qb5 Qxb5 18. axb5 cxd4 19. Rxd4 a6 20. bxa6 Rxa6 21.
Be7 Ra2 22. Kf1 Ne5 23. Rbd1 h6 24. Bxf6 gxf6 25. R4d2 Rxd2 26. Rxd2 f5 27. Ra2
Kg7 28. g3 Kf6 29. Rb2 Nc4 30. Rb4 Nd2+ 31. Kg2 Ne4 32. Rxb6 Nxc3 33. Nxc3 Rxc3
34. Rb8 Rc2 35. Rh8 Kg7 36. Rb8 Kf6 37. Rh8 Kg7 38. Rb8 1/2-1/2

[Event "13th EICC"]
[Site "Plovdiv BUL"]
[Date "2012.03.23"]
[Round "4.4"]
[White "Sjugirov, Sanan"]
[Black "Lenic, Luka"]
[Result "1/2-1/2"]
[WhiteTitle "GM"]
[BlackTitle "GM"]
[WhiteElo "2610"]
[BlackElo "2637"]
[WhiteFideId "4189302"]
[BlackFideId "14603853"]
[EventDate "2012.03.20"]
[EventType "swiss"]

1. d4 d5 2. c4 dxc4 3. e3 Nf6 4. Nf3 e6 5. Bxc4 c5 6. O-O a6 7. Bb3 Nc6 8. Nc3
Be7 9. dxc5 Bxc5 10. Qe2 Qc7 11. Bd2 O-O 12. Rac1 Ba7 13. Qc4 Qe7 14. Qh4 Rd8
15. Rfd1 h6 16. Ne4 Nd5 17. Qxe7 Ndxe7 18. Be1 Bd7 19. Nc5 Bxc5 20. Rxc5 Be8 21.
Rcc1 Nf5 22. a3 Rac8 23. g4 Nd6 24. h4 Kf8 25. g5 hxg5 26. hxg5 Ke7 27. Bc3 f6
28. gxf6+ gxf6 29. Nd4 Nxd4 30. Rxd4 Bc6 31. Kf1 Bb5+ 32. Ke1 Rh8 33. a4 Rh1+
34. Kd2 Rxc1 35. Kxc1 Bc4 36. Bc2 e5 37. Rh4 Bd5 38. e4 Be6 39. f4 Rg8 40. b3
exf4 41. Rxf4 Ne8 42. Rf2 Bd7 43. Bb4+ Kd8 44. Kb2 Rg3 45. Rd2 Kc8 46. Ba5 Nc7
47. Rf2 Ne8 48. Bb6 Rg7 49. Rd2 Re7 50. a5 Nc7 51. Rf2 Re6 52. Rh2 Bc6 53. Rh4
Nb5 54. Rh2 Bxe4 55. Rd2 Nc7 56. Bxe4 Rxe4 57. Rd6 Re6 58. Bxc7 Re2+ 59. Ka3
Kxc7 60. Rxf6 1/2-1/2

[Event "13th EICC"]
[Site "Plovdiv BUL"]
[Date "2012.03.23"]
[Round "4.5"]
[White "Savchenko, Boris"]
[Black "Jones, Gawain C B"]
[Result "0-1"]
[WhiteTitle "GM"]
[BlackTitle "GM"]
[WhiteElo "2580"]
[BlackElo "2635"]
[WhiteFideId "4147332"]
[BlackFideId "409561"]
[EventDate "2012.03.20"]
[EventType "swiss"]

1. e4 c5 2. Nf3 d6 3. d4 cxd4 4. Nxd4 Nf6 5. Nc3 g6 6. Be3 Bg7 7. f3 Nc6 8. Qd2
O-O 9. O-O-O d5 10. exd5 Nxd5 11. Nxc6 bxc6 12. Bd4 Bxd4 13. Qxd4 Qb6 14. Na4
Qc7 15. Bc4 Rb8 16. g3 Nb6 17. Bb3 Nxa4 18. Qxa4 c5 19. c3 Qb6 20. Rhe1 Be6 21.
Re2 Bxb3 22. axb3 Rb7 23. Qc4 e6 24. Re5 Rc7 25. h4 Rb8 26. Kc2 a5 27. h5 a4 28.
Qxa4 c4 29. Rd4 cxb3+ 30. Kd2 Rc5 31. Rxc5 Qxc5 32. hxg6 hxg6 33. Ke2 Qg5 34. g4
Qe5+ 35. Kd3 Qh2 36. Qa7 Rf8 37. Qa3 e5 38. Rd5 Qf4 39. Qxb3 Qxf3+ 40. Kc2 Qe2+
41. Kb1 Qe4+ 42. Kc1 Ra8 43. Qb7 Ra1+ 44. Kd2 Qg2+ 45. Kd3 Qf1+ 46. Kc2 Qb1+ 47.
Kd2 Qd1+ 48. Ke3 Qxg4 49. Kd3 Qf3+ 50. Kc4 Qf4+ 51. Kb5 e4 52. b4 e3 53. Rd8+
Kg7 54. Qe7 Qf5+ 55. Kc4 Qe6+ 0-1

[Event "13th EICC"]
[Site "Plovdiv BUL"]
[Date "2012.03.23"]
[Round "4.13"]
[White "Parligras, Mircea-Emilian"]
[Black "Fressinet, Laurent"]
[Result "0-1"]
[WhiteTitle "GM"]
[BlackTitle "GM"]
[WhiteElo "2614"]
[BlackElo "2693"]
[WhiteFideId "1204297"]
[BlackFideId "608742"]
[EventDate "2012.03.20"]
[EventType "swiss"]

1. d4 Nf6 2. c4 g6 3. Nc3 Bg7 4. e4 d6 5. h3 O-O 6. Nf3 Na6 7. Be3 e5 8. d5 Nh5
9. g3 Qe8 10. Be2 f5 11. exf5 gxf5 12. Nh4 Nf6 13. Qc2 f4 14. gxf4 exf4 15. Bd4
Nb4 16. Qd2 f3 17. Rg1 Rf7 18. Nxf3 Bf5 19. Nh4 Nc2+ 20. Kd1 Nxd4 21. Qxd4 Bd7
22. Kc2 Qf8 23. Rg5 Re8 24. Rag1 Kh8 25. Bd3 Re5 26. Rxe5 dxe5 27. Qxe5 Ng8 28.
Qe4 Rxf2+ 29. Ne2 Nf6 30. Qe3 Rh2 31. Rg3 Nh5 32. Rxg7 Qxg7 33. Nf5 Qf6 34. Nd4
Nf4 35. Be4 Nxe2 36. Nxe2 Rxh3 37. Qxa7 Qe5 38. Qd4 Qxd4 39. Nxd4 Re3 40. Bd3 h5
41. Kd2 Rg3 42. Be4 h4 43. c5 h3 44. c6 bxc6 45. dxc6 Bg4 46. a4 h2 47. Bh1 Rg1 0-1

[Event "13th EICC"]
[Site "Plovdiv BUL"]
[Date "2012.03.23"]
[Round "4.14"]
[White "Kempinski, Robert"]
[Black "Andreikin, Dmitry"]
[Result "0-1"]
[WhiteTitle "GM"]
[BlackTitle "GM"]
[WhiteElo "2610"]
[BlackElo "2689"]
[WhiteFideId "1105663"]
[BlackFideId "4158814"]
[EventDate "2012.03.20"]
[EventType "swiss"]

1. d4 Nf6 2. c4 g6 3. Nf3 Bg7 4. g3 O-O 5. Bg2 d6 6. O-O c6 7. b3 Bf5 8. Bb2 a5
9. Re1 a4 10. bxa4 Qa5 11. Nc3 Nbd7 12. Qb3 Nb6 13. e4 Bg4 14. e5 Nfd7 15. exd6
exd6 16. Ne4 Nxc4 17. Qxc4 d5 18. Qb3 dxe4 19. Rxe4 Bf5 20. Re2 Qxa4 21. Qxb7
Rab8 22. Qc7 c5 23. Qf4 Rfd8 24. g4 Be6 25. Ng5 Nf8 26. Rc1 h6 27. Ne4 Qxa2 28.
Ra1 Qc4 29. Rd2 g5 30. Qf3 Rb3 31. Qd1 Qb4 32. Bc3 Rxc3 33. Nxc3 Qxc3 34. Rc1
Qb4 35. Rb1 Qa5 36. Ra1 Qc7 37. Rc1 Qf4 38. Rxc5 Bxd4 39. Kh1 Be5 0-1

[Event "13th EICC"]
[Site "Plovdiv BUL"]
[Date "2012.03.23"]
[Round "4.16"]
[White "Rakhmanov, Aleksandr"]
[Black "Berkes, Ferenc"]
[Result "0-1"]
[WhiteTitle "GM"]
[BlackTitle "GM"]
[WhiteElo "2602"]
[BlackElo "2682"]
[WhiteFideId "4173708"]
[BlackFideId "718572"]
[EventDate "2012.03.20"]
[EventType "swiss"]

1. c4 e6 2. Nc3 d5 3. d4 Be7 4. Nf3 Nf6 5. Bg5 h6 6. Bh4 O-O 7. e3 b6 8. Be2 Bb7
9. Bxf6 Bxf6 10. cxd5 exd5 11. b4 c6 12. O-O Re8 13. Qb3 a5 14. bxa5 Rxa5 15.
Rab1 Nd7 16. a4 g6 17. Rfe1 Kg7 18. Bf1 c5 19. Bb5 c4 20. Qc2 Ra7 21. Rbc1 Re7
22. h4 h5 23. e4 dxe4 24. Nxe4 Bd5 25. Re3 Rc7 26. Qe2 c3 27. Nxf6 Nxf6 28. Rxe7
Rxe7 29. Qd3 Bxf3 30. Qxf3 Qxd4 31. Qxc3 Qxh4 32. Re1 Rxe1+ 33. Qxe1 Qd4 34. Bc6
h4 35. Qe2 Ng4 36. Bb5 Qa1+ 37. Qf1 Qe5 38. Qc4 Qa1+ 39. Qf1 Qe5 40. Qc4 f5 41.
Qd3 Qf4 42. Qc3+ Kh7 43. Qf3 Qc1+ 44. Bf1 Qxf1+ 45. Kxf1 Nh2+ 46. Ke2 Nxf3 47.
Kxf3 g5 0-1